University Home | Library Home | Institutional Repository

The magnificent Ambersons. (Record no. 97026)

MARC details
000 -LEADER
fixed length control field 00926cam3a220026500 4500
001 - CONTROL NUMBER
control field lce00596245
003 - CONTROL NUMBER IDENTIFIER
control field DLC
005 - DATE AND TIME OF LATEST TRANSACTION
control field 20190819092439.0
008 - FIXED-LENGTH DATA ELEMENTS--GENERAL INFORMATION
fixed length control field 740502c19671918mau 000 1 eng
010 ## - LIBRARY OF CONGRESS CONTROL NUMBER
LC control number 67002674 //r94
035 ## - SYSTEM CONTROL NUMBER
System control number (Sirsi) r85502
035 ## - SYSTEM CONTROL NUMBER
System control number (DLC) 67002674 //r94
035 ## - SYSTEM CONTROL NUMBER
System control number (UPRA)lce00596245
040 ## - CATALOGING SOURCE
Original cataloging agency DLC
Transcribing agency DLC
Modifying agency DLC
050 00 - LIBRARY OF CONGRESS CALL NUMBER
Classification number PZ3.T175
Item number Ma10
100 1# - MAIN ENTRY--PERSONAL NAME
Personal name Tarkington, Booth, 1869-1946.
Dates associated with a name Tarkington, Booth, 1869-1946.
Linkage A44968.1
245 14 - TITLE STATEMENT
Title The magnificent Ambersons.
260 ## - PUBLICATION, DISTRIBUTION, ETC.
Place of publication, distribution, etc. Gloucester, Mass.,
Name of publisher, distributor, etc. P. Smith,
Date of publication, distribution, etc. 1967 [c1918]
500 ## - GENERAL NOTE
General note First published in 1918.
500 ## - GENERAL NOTE
General note 2nd vol. of a trilogy, Growth, the 1st of which is Turmoil, and the 3rd, Midlander.
650 #0 - SUBJECT ADDED ENTRY--TOPICAL TERM
Topical term or geographic name entry element Family -- Indiana -- Fiction.
Geographic subdivision Family -- Indiana -- Fiction.
General subdivision Family -- Indiana -- Fiction.
Linkage S35170.1
655 #7 - INDEX TERM--GENRE/FORM
Source of term gsafd
949 ## - LOCAL PROCESSING INFORMATION (OCLC)
a PZ3.T175
w lcc
i -118807
m MAIN
t BOOK
l ON-SHELF

No items available.

© 2026 - The University of Zambia Library - Koha v25.11